LEADER 01278nmm a2200385 i 4500 001 991000517539707536 007 cr nn 008mamaa 008 090815s2009 ne j eng d 020 $a9780387095837 035 $ab1386922x-39ule_inst 040 $aDip.to Matematica$beng 082 0 $a512.482$222 084 $aAMS 01A75 084 $aLC QA387.K5942 100 1 $aKostant, Bertram$048338 240 10$aWorks.$kSelections.$f2009$935723 245 10$aCollected papers$h[e-book] /$cBertram Kostant ; Anthony Joseph, Miche?le Vergne, Shrawan Kumar, editors 260 $aDordrecht ;$aNew York :$bSpringer,$c2009 300 $a1 online resource (v. [1]) 505 1 $aVol. 1: 1955-1966 650 0$aLie groups 650 0$aLie algebras 650 0$aGlobal differential geometry 650 0$aMathematical physics 650 0$aTopological Groups 700 1 $aJoseph, Anthony 700 1 $aVergne, Miche?le 700 1 $aKumar, Shrawan 773 0 $aSpringer eBooks 856 40$uhttp://dx.doi.org/10.1007/b94535$zAn electronic book accessible through the World Wide Web 907 $a.b1386922x$b03-03-22$c14-01-10 912 $a991000517539707536 996 $aWorks$935723 997 $aUNISALENTO 998 $ale013$b14-01-10$cm$d@ $e-$feng$gne $h0$i0 LEADER 03655nam 22008655 450 001 9910781551703321 005 20240102235724.0 010 $a1-283-36971-0 010 $a9786613369710 010 $a0-520-95142-5 024 7 $a10.1525/9780520951426 035 $a(DE-B1597)519826 035 $a(OCoLC)769342349 035 $a(DE-B1597)9780520951426 035 $a(MiAaPQ)EBC816153 035 $a(CKB)2550000000074132 035 $a(EXLCZ)992550000000074132 100 $a20200424h20122012 fg 101 0 $aeng 135 $aur|n|---||||| 181 $ctxt 182 $cc 183 $acr 200 10$aEngineering Happiness $eA New Approach for Building a Joyful Life /$fManel Baucells, Rakesh Sarin 210 1$aBerkeley, CA : $cUniversity of California Press, $d[2012] 210 4$d©2012 215 $a1 online resource (247 p.) 300 $aDescription based upon print version of record. 311 $a0-520-26820-2 327 $tFrontmatter -- $tContents -- $tPreface: Engineers on Happiness -- $tAcknowledgments -- $tIntroduction: The Science of Happiness -- $tPart I. Overview -- $tPart II. Laws of Happiness -- $tPart III. Engineering a Happier Life -- $tNotes -- $tIndex 330 $aManel Baucells and Rakesh Sarin have been conducting ground-breaking research on happiness for more than a decade, and in this book they distill their provocative findings into a lively, accessible guide for a wide audience of readers. Integrating their own research with the latest thinking in the behavioral and social sciences-including management science, psychology, and economics-they offer a new approach to the puzzle of happiness. Woven throughout with wisdom from the world's religions and literatures, Engineering Happiness has something to offer everyone-regardless of background, profession, or aspiration-who wants to better understand, control, and attain a more joyful life.? Shows how a few major principles can explain how happiness works and why it is so elusive? Demonstrates how the essence of attaining happiness is choice? Explores how to avoid happiness traps? Tells how to recognize happiness triggers in everyday life 606 $aHappiness 606 $aSOCIAL SCIENCE / Popular Culture$2bisacsh 610 $aanthropology. 610 $abehavioral sciences. 610 $abehavioral scientists. 610 $achoose happiness. 610 $aeconomics. 610 $aemotions. 610 $aeveryday life. 610 $ahappiness research. 610 $ahappiness. 610 $ajoy. 610 $alife building. 610 $alife satisfaction. 610 $amanagement science. 610 $amental health. 610 $amodern life. 610 $anonfiction. 610 $apopular culture. 610 $apositive psychology. 610 $apractical guide. 610 $apsychology. 610 $aself help. 610 $asocial researchers. 610 $asocial sciences. 610 $asocial scientists. 610 $asociology. 610 $atherapists. 610 $atherapy. 610 $awisdom. 610 $aworld literature. 610 $aworld religions. 615 0$aHappiness. 615 7$aSOCIAL SCIENCE / Popular Culture. 676 $a152.4/2 676 $a152.42 700 $aBaucells$b Manel, $4aut$4http://id.loc.gov/vocabulary/relators/aut$01538525 702 $aSarin$b Rakesh, $4aut$4http://id.loc.gov/vocabulary/relators/aut 801 0$bDE-B1597 801 1$bDE-B1597 906 $aBOOK 912 $a9910781551703321 996 $aEngineering Happiness$93788602 997 $aUNINA LEADER 01864nam 2200517 450 001 9910808253403321 005 20200520144314.0 010 $a1-909821-21-7 035 $a(CKB)3830000000059474 035 $a(Au-PeEL)EBL5485158 035 $a(OCoLC)1048790606 035 $a(MiAaPQ)EBC5485158 035 $a(EXLCZ)993830000000059474 100 $a20180822d2004 uy 0 101 0 $aeng 135 $aurcnu|||||||| 181 $ctxt$2rdacontent 182 $cc$2rdamedia 183 $acr$2rdacarrier 200 14$aThe hope of Israel /$fMenasseh ben Israel ; English translation by Moses Wall, 1652 ; edited, with introduction and notes by Henry Me?choulan and Ge?rard Nahon ; introduction and notes translated from the French by Richenda George 210 1$aOxford ;$aPortland, Oregon :$cThe Littman Library of Jewish Civilization,$d2004. 215 $a1 online resource (xi, 195 pages) $cillustrations, map 225 1 $aThe Littman Library of Jewish Civilization 300 $aTranslation of: Mik?v?eh Yis?ra?el. 311 $a1-904113-20-6 311 $a0-19-710054-6 320 $aIncludes bibliographical references (171-184) and index. 410 0$aLittman library of Jewish civilization (Series) 606 $aLost tribes of Israel$vEarly works to 1800 606 $aJews$xRestoration$vEarly works to 1800 606 $aIndians$xOrigin$vEarly works to 1800 615 0$aLost tribes of Israel 615 0$aJews$xRestoration 615 0$aIndians$xOrigin 676 $a970.004/97 700 $aManasseh ben Israel$f1604-1657,$0924979 702 $aWall$b Moses 702 $aMe?choulan$b Henry 702 $aNahon$b Ge?rard 801 0$bMiAaPQ 801 1$bMiAaPQ 801 2$bMiAaPQ 906 $aBOOK 912 $a9910808253403321 996 $aThe hope of Israel$94039920 997 $aUNINA LEADER 01782nam0 22003491i 450 001 UON00432002 005 20231205104911.608 010 $a978-88-976221-6-1$bv. 1 010 $a978-88-976221-7-8$bv. 2 100 $a20131017d2013 |0itac50 ba 101 $afre 102 $aIT 105 $a||||b ||||| 200 1 $aCatalogue des manuscrits persans$eBibliothèque Nationale de France, Département des manuscrits$eTome II Le supplément persan$fFrancis Richard 210 $aRoma$cIstituto per l'Oriente C.A. Nallino ; CNRS Mondes Iranien et Indien$d2013 215 $a2 v.$d1430 p.$d29 cm 311 $aIRA GEN C I 063 (1-2)$9UON00254398 410 0$1001UON00254398$12001 $aSeries catalogorum$v5/1-2 IRA GEN C I 063 (1-2) 606 $aMANOSCRITTI PERSIANI$xCATALOGHI$xFRANCIA$3UONC017249$2FI 620 $aIT$dRoma$3UONL000004 686 $aIRA GEN C I$cIRAN - OPERE GENERALI - CATALOGHI - OPERE INTERDISCIPLINARI, MANOSCRITTI$2A 700 1$aRICHARD$bFrancis$3UONV005819$0646288 712 02$aCentre National de la Recherche Scientifique$cParis$3UONV014616 712 02$aIstituto per l'Oriente C. A. Nallino Roma$3UONV058333 712 $aIstituto per l'Oriente C.A. Nallino$3UONV246142$4650 791 02$aCNRS$zCentre National de la Recherche Scientifique $3UONV003008 801 $aIT$bSOL$c20250411$gRICA 912 $aUON00432002 950 $aSIBA - SISTEMA BIBLIOTECARIO DI ATENEO$dSI IRA GEN C I 063 (1) $eSI 6828 7 063 (1) 950 $aSIBA - SISTEMA BIBLIOTECARIO DI ATENEO$dSI IRA GEN C I 063 (2) $eSI 6829 7 063 (2) 996 $aCatalogue des manuscrits persans$91336240 997 $aUNIOR